000 00559nam a2200229Ia 4500
003 OSt
005 20220918194115.0
006 a|||||r|||| 00| 0
007 ta
008 220917b |||||||| |||| 00| 0 eng d
024 _a77,736
037 _cTextual
040 _aARTS
_cARTS
_beng
041 _2eng
_aeng
082 _aSp1, G2
111 _aInternational Congress of psychology (10th : : Copenhagen)
_983523
245 0 _aReport
260 _c1932
650 _aPSYCHOLOGY
942 _hSp1, G2
_cTEXL
_2CC
999 _c201639
_d201639